| 000 | 00344nam a2200133Ia 4500 | ||
|---|---|---|---|
| 008 | 240624s9999 xx 000 0 und d | ||
| 041 | _aeng | ||
| 082 | _a828 TAL | ||
| 100 | _aTALEB NASSIM NICHOLAS | ||
| 245 | _aBLACK SWAN THE IMPACT OF THE HIGHLY IMPR | ||
| 260 |
_c2008 _aNew Delhi _bPenguin Books India |
||
| 300 | _a444 : p. | ||
| 365 | _cRS | ||
| 999 |
_c17118 _d17118 |
||